Quizzes
Events
Quiz Creation
Community
Videos
Private Events
Remove Ads
Sign In
Join for FREE
Feedback
Dark Mode
Quiz Categories
Sports
Geography
Music
Movies
Television
Just For Fun
Miscellaneous
History
Literature
Language
Science
Gaming
Entertainment
Religion
Holiday
For Kids
Quiz Lab
Recent
Popular Today
Quiz Kudos Today
Editor Picks
Curator Picks
Quizzes by...
Day
Popularity
Type
Ratings
Length
Year
Community
Subscriptions
Recent Discussions
Orange Saloon
Badges
Playlists
Quests
Create
Leaderboards
Showdown
Live 5
Trivia Bingo
Activity
Puzzle Library
Sporcle Events
Private Events
Virtual Trivia
Globe League
Become a Host
Pub Owners
SporcleCon
Opinionation
Our Games
Videos
Blog
Mobile Apps
Partnerships
Remove Ads and Go Orange
Feedback
Sports
Athletes
MLB
NBA
NHL
NFL
Soccer
Sports Teams
WWE
NCAA
Football
Premier League
Basketball
Baseball
Hockey
Golf
Tennis
Cricket
Rugby
Auto Racing
Olympics
World Cup
Sports
Athletes
MLB
NBA
NHL
NFL
Soccer
Sports Teams
WWE
NCAA
Football
Premier League
Basketball
Baseball
Hockey
Golf
Tennis
Cricket
Rugby
Auto Racing
Olympics
World Cup
Random Quiz
Search Sporcle
×
Quiz Lab
Quiz Lab
Sports
NBA
Type in answers that appear in a list
Type in answers that appear in a list
Classic
Best Score? Go Orange.
NBA No. 1 Seeds - Eastern Conference Stats
Can you name the No. 1 seeds in NBA playoffs (Eastern Conference) since the NBA-ABA merger?
By
paulmst3k
5m
38 Questions
352 Plays
352 Plays
352 Plays
Comments
Comments
Give Quiz Kudos
Give Quiz Kudos
-
- Ratings
hide this ad
Forced Order
Answers have to be entered in order
Answers have to be entered in order
Replay
Link that replays current quiz
Next Quiz
Link to next quiz in quiz playlist
You Got
0%
They Got
Avg Score
81%
Avg Friend Score
Upgrade to see
Score Distribution
Jump to the score distribution portion of the page
Score
0/38
Timer
05:00
0
Plays Today
Season
No. 1 Seed
% Correct
2012-
2013
Miami Heat
90.1%
1995-
1996
Chicago Bulls
89.8%
1996-
1997
Chicago Bulls
89.8%
1990-
1991
Chicago Bulls
89.5%
1997-
1998
Chicago Bulls
89.5%
1991-
1992
Chicago Bulls
89.2%
1985-
1986
Boston Celtics
86.4%
1989-
1990
Detroit Pistons
86.1%
1980-
1981
Boston Celtics
85.8%
1983-
1984
Boston Celtics
85.8%
1986-
1987
Boston Celtics
85.8%
1981-
1982
Boston Celtics
85.5%
1984-
1985
Boston Celtics
85.5%
1987-
1988
Boston Celtics
85.5%
1988-
1989
Detroit Pistons
85.5%
2007-
2008
Boston Celtics
84.7%
1992-
1993
New York Knicks
84.1%
1982-
1983
Philadelphia 76ers
82.7%
1979-
1980
Boston Celtics
81.5%
Season
No. 1 Seed
% Correct
2000-
2001
Philadelphia 76ers
81.5%
2013-
2014
Indiana Pacers
80.7%
2001-
2002
New Jersey Nets
80.4%
2011-
2012
Chicago Bulls
80.4%
2008-
2009
Cleveland Cavaliers
80.1%
1994-
1995
Orlando Magic
79.5%
2009-
2010
Cleveland Cavaliers
79.5%
2010-
2011
Chicago Bulls
79.3%
2002-
2003
Detroit Pistons
78.7%
1999-
2000
Indiana Pacers
76.1%
2005-
2006
Detroit Pistons
76.1%
2004-
2005
Miami Heat
75.3%
1976-
1977
Philadelphia 76ers
75%
2006-
2007
Detroit Pistons
74.7%
1977-
1978
Philadelphia 76ers
73.3%
2003-
2004
Indiana Pacers
72.2%
1998-
1999
Miami Heat
71.9%
1978-
1979
Washington Bullets
66.1%
1993-
1994
Atlanta Hawks
63.4%
Quiz Playlist
Details
Report
Send in Message
Add To Playlist
Classic:
Type in answers that appear in a list
Forced Order:
Answers have to be entered in order
Quiz Source
Last Updated: Feb 16, 2017
Quiz Scoreboard
CHALLENGE
Sign Up to Join the Scoreboard
Show All
Scores
Hide
Comments
May contain spoilers
Recently Published
Alphabetical 'K' Countries by Flag Minefield
by ylime102
Geography
3m
Pick 6: Fruits
by JohnFran
Miscellaneous
15s
Click the 1999 NBA Draft
by nibperrychub
Sports
2m
More to Explore
Quiz From the Vault
Featured Blog Post
15 Basketball Trivia Facts You Can Be March Mad About
hide this ad
You Might Also Like...
Tags
Basketball Quiz
NBA Quiz
Eastern
Eastern Conference
NBA Playoffs
NBA Teams
No 1
Playoff Series
Seed
Seeding
Today's Top Quizzes in Sports
Browse Sports
hide this ad
Today's Top Quizzes in NBA
Browse NBA
Top Contributed Quizzes in Sports
1
Pick 6: NFL Teams
2
MLB 2 truths and a lie: Hall of Fame pitchers
3
Les joueurs à 100 buts en Ligue 1 Uber Eats
4
Don't Strike Out: 3000 Strikeouts
5
Criteria MLB: Left Handed Sluggers
6
Pick 6: Minor League Baseball
7
2022 World Cup Stars
8
Click the 1998 NBA Draft
9
Millionaire: NBA Finals Edition
10
MLB Players with Two .350 Batting Average Seasons
Explore More
Trending Topics
Marvel
Disney
NBA
Harry Potter
Anime
Kpop
Crossword
The Office
Pokémon
Puzzle
Country
Song
WWE
Soccer
NFL
hide this ad
More By:
paulmst3k
Quiz
Plays
Rating
Category
Featured
Created
QB with Most Playoff Wins
513
5.00
Sports
Jun 10, 2014
NBA No. 1 Seeds Western Conference
496
4.33
Sports
Jun 10, 2014
NBA No. 1 Seeds - Eastern Conference
352
4.67
Sports
Jun 10, 2014
NFL No. 1 Seeds - NFC
233
3.33
Sports
Jun 11, 2014
State by Last Time Both Senators Democrat
161
5.00
History
Jun 11, 2014
Go to Creator's Profile
Score Distribution
Quiz Creator Spotlight
paulmst3k
Follow
Send a Message
Quizzes Created
-
Created Quiz Play Count
-
More By This Creator
Popular Quizzes Today
1
Find the US States - No Outlines Minefield
2
Countries of Asia Without Outlines Minefield
3
Pick 6: Fruits
4
Alphabetical 'K' Countries by Flag Minefield
5
The Countries of the World
6
Find the US States
7
Match the Book to the Film X
8
Click the 1999 NBA Draft
More Sports Quizzes
Anyone But Carlos Tevez
Quiz Lab
Trending Quizzes
Pick 6: Harry Potter
Pick 6: Mountains
Pick 6: NFL Teams
Pick 6: Movie Franchises
Pick 6: Golfers
Recently Updated
NWSL Teams
pecheneg
Women's Final Four Teams by Year
bhenderson79
Presidents Quartet II
eogle
Anything But Clue(do)
eogle
Anything But Oceanian Capitals
eogle
Anything But 7
eogle
Anything But Thing
eogle
Word Ladder: February 29
pecheneg
Song Title Questions
pecheneg
Women's NCAA Tournament #1 Seeds
pecheneg
Trending Topics
Kpop
Harry Potter
Crossword
Anime
Marvel
Disney
NBA
Pokémon
WWE
Country
Puzzle
Song
NFL
Soccer
The Office
Your Account Isn't Verified!
In order to create a playlist on Sporcle, you need to verify the email address you used during registration. Go to your
Sporcle Settings
to finish the process.
Report this User
Report this user for behavior that violates our
Community Guidelines
.
Details:
Send Report
Go to the Sporcle.com Mobile Site →
Comments